Harry potter prénom - Statistiques

Statistiques générales
  • Ce quiz a été pris 244 fois
  • Le résultat moyen est 104 sur 150
Statistiques - réponses
nom de familles prénom % Correct
Sirius
92%
Harry
91%
Delacour Fleur
89%
Granger Hermione
89%
Cedric
88%
Drago
88%
Ron
88%
Chang Cho
87%
Fred
87%
George
87%
Ginny
87%
Malefoy Lucius
87%
Luna
87%
Neville
87%
Lestrange Bellatrix
86%
Bell Katie
86%
Narcissa
86%
Weasley Arthur
85%
Potter James
85%
Lily
85%
McGonagall Minerva
85%
Molly
85%
Percy
85%
Pettigrow Peter
85%
Pétunia
85%
Jedusor Tom
85%
Bill
84%
Dudley
84%
Lupin Remus
84%
Hagrid Rubeus
84%
Rogue Severus
84%
Krum Viktor
84%
Charlie
83%
Gryffondor Godric
83%
Vernon
83%
Maugrey Alastor
82%
Thomas Dean
82%
Ombrage Dolores
82%
Poufsouffle Helga
82%
Karkaroff Igor
82%
Brown Lavande
82%
Dragonneau norbert
82%
Serdaigle Rowena
82%
Serpentard Salazar
82%
Abbot Hannah
81%
Crivey Colin
80%
Crabbe Vincent
80%
Lockhart Gilderoy
79%
Slughorn Horace
79%
Flamel Nicolas
79%
Nymphadora
79%
Skeeter Rita
79%
Diggory Amos
78%
Jordan Lee
78%
Dubois Olivier
78%
Patil Padma
78%
Parvati
78%
Finnigan Seamus
78%
Lovegood Xenophilius
78%
Maxime Olympe
77%
Parkinson Pansy
77%
Chourave Pomona
77%
Alice
76%
Fudge Cornelius
76%
Flitwick Filius
76%
Goyle Gregory
76%
Trelawney Sibylle
76%
Abelforth
75%
Albus Severus
75%
Rusard Argus
75%
Greyback Fenrir
75%
Gabrielle
75%
Helena
75%
Regulus
75%
Ted
75%
Arianna
74%
Frank
74%
Johnson Angelina
73%
Bibine Renée
73%
Tourdesac Bathilda
72%
Hugo
72%
Shacklebolt Kingsley
72%
Rose
72%
Teddy
72%
McLaggen Cormac
70%
Scorpius
70%
Deauclaire Pénélope
69%
Carrow Alecto
68%
James Sirius
68%
Lily Luna
68%
Dursley Marjorie
68%
Pomfresh Poppy
68%
Fletcher Mondingus
67%
Quirell Quirinus
67%
Grindelwald Gellert
66%
Scrimgeour Rufus
66%
Dennis
65%
Macmillan Ernie
65%
Spinnet Alicia
64%
Amycus
64%
Dolohov Antonin
64%
Ollivander Garrick
64%
Tonks Andromeda
62%
Sinistra Aurora
62%
Ignotus
62%
Finch-Fletchley Justin
62%
Belby | Flint Marcus
62%
Merope
62%
De Mimsy-Porpington Nicholas
62%
Dumbledore Perceval
62%
Londubat Augusta
61%
Victoire
61%
Figg Arabella
60%
Kendra
60%
Dippet Armando
58%
Burbage Charity
58%
Vane Romilda
58%
Gaunt Elvis
57%
Doge Elphias
56%
Barty junior
55%
Louis
54%
Bulstode Milicent
53%
Croupton Barty senior
52%
Rocade Stanley
51%
Hopkrik Mafalda
50%
Corner Michael
50%
Goldstein Anthony
48%
Dominique
48%
Orion
47%
Peverell Antioch
45%
Binns Cuthbert
45%
Morfin
45%
Roxanne
45%
Zacharias
45%
Cadmus
44%
Lucy
44%
Fred Junior
43%
Albus Perceval Wulfric Brian
42%
Molly Junior
42%
Runcorn Albert
41%
Walburga
41%
Black Phineas Nigellus
38%
Reginald
38%
Gobe-Plache Wilhelmina
38%
Cattermole Mary
37%
Smith Hepzibah
35%
Bilius
26%
Derwent Dilys
25%
Babbling Bathsheba
19%
Aucun quiz correspondant
Distribution des résultats
% des personnes avec chaque résultat
Percentile par nombre de réponses
Votre historique - résultats
Vous n’avez pas pris ce quiz